Venecia: la nueva arquitectura
Saved in:
| Hovedforfatter: | |
|---|---|
| Format: | Bog |
| Sprog: | spansk |
| Udgivet: |
Milán
Skira
2000
|
| Udgivelse: | 1a. ed |
| Serier: | Biblioteca de Arquitectura Skira
|
| Fag: | |
| Tags: |
Tilføj Tag
Ingen Tags, Vær først til at tagge denne postø!
|
MARC
| LEADER | 00000nam a2200000 a 4500 | ||
|---|---|---|---|
| 001 | UCK2177 | ||
| 003 | CL-VaPUC | ||
| 008 | 041223e20000000IT |||||||||||||||||spa|d | ||
| 020 | |a 8881187566 | ||
| 082 | 0 | 4 | |a 720 |b DEM |2 21 |
| 100 | 0 | |a De Michelis, Marco |e author |9 489984 | |
| 245 | 1 | 0 | |a Venecia: la nueva arquitectura |
| 250 | |a 1a. ed | ||
| 300 | |a 254 p | ||
| 942 | |c BK | ||
| 945 | |d 20041223 00:00:00 |a vberengu | ||
| 260 | |a Milán |b Skira |c 2000 | ||
| 650 | 0 | |a Arquitectura |9 804558 | |
| 651 | 7 | |a VENECIA |2 CL-VaPUC |9 268373 | |
| 583 | |a last modification |c 20041223 00:00:00 |k Rodrigo Vera | ||
| 490 | 0 | |a Biblioteca de Arquitectura Skira | |
| 999 | |c 311796 |d 311794 | ||
| 952 | |0 0 |1 0 |4 0 |6 720_000000000000000_DEM_2000 |7 0 |8 A |9 381450 |a BIBARQ |b BIBARQ |d 2019-11-21 |i 4086198 |o 720 DEM 2000 |p 4086198 |r 2025-01-20 |w 2019-11-21 |y BK |k ARQ | ||